| 000 | 00741nam a2200229 u 4500 | ||
|---|---|---|---|
| 005 | 20220622063713.0 | ||
| 008 | 111004s2003 r 000 0 eng d | ||
| 020 | _a8431668946 (10 dígitos) | ||
| 020 | _a9788431668945 (13 dígitos) | ||
| 035 | _aUPN01000182026 | ||
| 049 | _aI | ||
| 050 | 4 |
_aPR6070 U7.6 _bC3.2 |
|
| 100 | 1 | _aTurnbull, Ann | |
| 245 | 1 | 3 |
_aEl caballo de arena / _cAnn Turnbull ; il. Michael Foreman ; tr. Javier Vico. |
| 260 |
_aBarcelona, Esp. : _bVicens Vives, _c2003. |
||
| 300 |
_a39 p. : _bprincipalmente il. col. |
||
| 440 | 0 |
_aPiñata ; _v5 |
|
| 650 | 0 |
_aLiteratura infantil inglesa _911046 |
|
| 650 | 4 |
_aCABALLOS EN LA LITERATURA _95276 |
|
| 700 | 1 |
_aForeman, Michael, _d1938- _eil. _937178 |
|
| 905 | _aInfantil | ||
| 999 |
_c154129 _d154129 |
||